| 000 | 00751nam a2200253Ia 4500 | ||
|---|---|---|---|
| 003 | GCL | ||
| 008 | 140319s9999 xx 000 0 ara d | ||
| 040 |
_aGCL / _cGCL |
||
| 082 | 0 | 4 |
_a371.3 _bع ا |
| 100 | 1 | _aعايش محمود زيتون | |
| 245 | 1 | 0 |
_aاساليب تدريس العلوم / _cعايش محمود زيتون |
| 260 |
_aالاردن : _bدار الشروق ، _c1994 |
||
| 300 |
_a545 ص ؛ _c24 سم |
||
| 490 | _a | ||
| 650 | 0 | 4 | _aطرق التدريس |
| 650 | 0 | 4 | _aالتعليم |
| 650 | 0 | 4 | _aالتخطيط التربوى |
| 650 | 0 | 4 | _aالاردن |
| 650 | 0 | 4 | _aاساسيات التعليم |
| 650 | 0 | 4 | _aالطلبة |
| 650 | 0 | 4 | _aطرق القياس |
| 650 | 0 | 4 | _aطرق الملاحظة |
| 942 |
_2ddc _cBK |
||
| 999 |
_c28215 _d28215 |
||